| 000 | 00707nam a2200205 i 4500 | ||
|---|---|---|---|
| 001 | 39782 | ||
| 003 | ES-MaACL | ||
| 005 | 20230906160100.0 | ||
| 007 | t| | ||
| 008 | 030304s1973 sp ||||1| spa d | ||
| 100 | 1 |
_aCantera Burgos, Francisco. _934642 |
|
| 245 | 1 | 4 |
_aLas juderías medievales en la provincia de Guadalajara / _cFrancisco Cantera Burgos y Carlos Carrete Parrondo. |
| 260 |
_a[Madrid] : _bInstituto Arias Montano, _c1973. |
||
| 300 |
_a2 v. ; _c24 cm. |
||
| 595 | _aTirada a parte de: Sefarad, v. 33-34 | ||
| 650 | 4 |
_aJudíos- _zGuadalajara (Provincia) _9174498 |
|
| 700 | 1 |
_aCarrete Parrondo, Carlos. _935709 |
|
| 710 | 2 |
_aInstituto "Arias Montano" _94797 |
|
| 852 | 4 |
_aES-MaACL _jE-5294-95 |
|
| 999 |
_c39782 _d39782 |
||